Mitigation and adaptation of urban overheating : the impact of warmer cities on climate, energy, health, environmental quality, economy, and quality of life /

Discusses urban overheating, urban heat mitigation, governance, anthropogenic heat emissions, adaptation and adaptation technologies, and their impacts on urban environmental quality, urban health, energy supply and demand, low-income and aged populations, and the economy of cities. This book incorp...

Full description

Bibliographic Details
Corporate Author: ScienceDirect (Online service)
Other Authors: Aghamohammadi, Nasrin (Editor), Santamouris, M. (Matheos), 1956- (Editor)
Format: eBook
Language:English
Published: Amsterdam, Netherlands : Elsevier, [2024]
Subjects:
Online Access:Connect to the full text of this electronic book

MARC

Tag First Indicator Second Indicator Subfields
LEADER 00000cam a2200000 i 4500
001 in00005773064
005 20260327175726.7
006 m o d
007 cr |||||||||||
008 240325t20242024ne a ob 001 0 eng d
040 |a YDX  |b eng  |c YDX  |d OPELS  |d OCLCO  |d N$T  |d IBI  |d OCLCO  |d OCLCQ  |d UKAHL  |d OCLCL 
020 |a 9780443135033  |q (electronic book) 
020 |a 0443135037  |q (electronic book) 
020 |z 9780443135026  |q (paperback) 
020 |z 0443135029  |q (paperback) 
035 |a (OCoLC)1427685596 
050 4 |a QC981.7.U7  |b M58 2024eb 
082 0 4 |a 551.5/25091732  |2 23/eng/20240404 
049 |a TXAM 
245 0 0 |a Mitigation and adaptation of urban overheating :  |b the impact of warmer cities on climate, energy, health, environmental quality, economy, and quality of life /  |c edited by Nasrin Aghamohammadi and Mattheos Santamouris. 
264 1 |a Amsterdam, Netherlands :  |b Elsevier,  |c [2024] 
264 4 |c ©2024 
300 |a 1 online resource (xx, 326 pages) :  |b illustrations. 
336 |a text  |b txt  |2 rdacontent 
337 |a computer  |b c  |2 rdamedia 
338 |a online resource  |b cr  |2 rdacarrier 
504 |a Includes bibliographical references and index. 
520 |a Discusses urban overheating, urban heat mitigation, governance, anthropogenic heat emissions, adaptation and adaptation technologies, and their impacts on urban environmental quality, urban health, energy supply and demand, low-income and aged populations, and the economy of cities. This book incorporates recent developments on urban climatology, urban overheating, mitigation, and adaptation technologies. 
650 0 |a Urban heat island. 
650 0 |a Urban climatology. 
650 6 |a Îlots de chaleur urbains. 
650 6 |a Climatologie urbaine. 
655 7 |a Electronic books.  |2 local 
700 1 |a Aghamohammadi, Nasrin,  |e editor. 
700 1 |a Santamouris, M.  |q (Matheos),  |d 1956-  |e editor.  |1 https://id.oclc.org/worldcat/entity/E39PCjCDgfKdqWqp8gwCC7XHT3 
710 2 |a ScienceDirect (Online service) 
776 0 8 |i Print version:  |t Mitigation and adaptation of urban overheating : the impact of warmer cities on climate, energy, health, environmental quality, economy, and quality of life  |d Amsterdam, Netherlands : Elsevier, [2024]  |z 0443135029  |z 9780443135026  |w (OCoLC)1391432436 
856 4 0 |u http://proxy.library.tamu.edu/login?url=https://www.sciencedirect.com/science/book/9780443135026  |z Connect to the full text of this electronic book  |t 0 
955 |a Elsevier ScienceDirect 2026-2027 
994 |a 92  |b TXA 
999 f f |i 2ff54818-b757-4577-b510-b3a7ae9fb0de  |s 1d94414f-6e77-4d76-bd68-e9b2fb97f5f9  |t 0 
952 f f |a Texas A&M University  |b College Station  |c Electronic Resources  |s www_evans  |d Available Online  |t 0  |e QC981.7.U7 M58 2024eb  |h Library of Congress classification 
998 f f |a QC981.7.U7 M58 2024eb  |t 0  |l Available Online